书目信息 |
| 题名: |
代数多项式
|
|
| 作者: | 宫浩 , 刘凤艳 , 高丽娟 编译 | |
| 分册: | ||
| 出版信息: | 哈尔滨 哈尔滨工业大学出版社 2014 |
|
| 页数: | 295, 11页 | |
| 开本: | 23cm | |
| 丛书名: | 《数学中的小问题大定理》丛书 | |
| 单 册: | ||
| 中图分类: | O174.14 | |
| 科图分类: | ||
| 主题词: | 对称多项式--dui chen duo xiang shi | |
| 电子资源: | ||
| ISBN: | 978-7-5603-4566-6 | |
| 000 | 01084nam 2200289 450 | |
| 001 | 012001000060 | |
| 005 | 20131104163206.0 | |
| 010 | @a978-7-5603-4566-6@dCNY38.00 | |
| 099 | @aCAL 012014106899 | |
| 100 | @a20140825d2014 em y0chiy50 ea | |
| 101 | 0 | @achi |
| 102 | @aCN@b230000 | |
| 105 | @ay z 000yy | |
| 106 | @ar | |
| 200 | 1 | @a代数多项式@Adai shu duo xiang shi@f宫浩, 刘凤艳, 高丽娟编译 |
| 210 | @a哈尔滨@c哈尔滨工业大学出版社@d2014 | |
| 215 | @a295, 11页@d23cm | |
| 225 | 2 | @a《数学中的小问题大定理》丛书@A《shu xue zhong de xiao wen ti da ding li》cong shu@h第六辑 |
| 330 | @a如果使用题中给的对称条件, 许多初等数学问题解起来都很简单。本书介绍了怎样应用对称条件解方程组及不等式。所有这些问题的解答都使用基于对称多项式定理的公式。 | |
| 410 | 0 | @12001@a《数学中的小问题大定理》丛书@h第六辑 |
| 606 | 0 | @a对称多项式@Adui chen duo xiang shi |
| 690 | @aO174.14@v5 | |
| 701 | 0 | @a宫浩@Agong hao@4编译 |
| 701 | 0 | @a刘凤艳@Aliu feng yan@4编译 |
| 701 | 0 | @a高丽娟@Agao li juan@4编译 |
| 801 | 0 | @aCN@b北京卓展文化@c20191020 |
| 905 | @b1195211-4@dO174.14@e235@f4 | |
| 代数多项式/宫浩, 刘凤艳, 高丽娟编译.-哈尔滨:哈尔滨工业大学出版社,2014 |
| 295, 11页;23cm.-(《数学中的小问题大定理》丛书.第六辑) |
| ISBN 978-7-5603-4566-6:CNY38.00 |
| 如果使用题中给的对称条件, 许多初等数学问题解起来都很简单。本书介绍了怎样应用对称条件解方程组及不等式。所有这些问题的解答都使用基于对称多项式定理的公式。 |
| ● |
| 相关链接 |
|
|
|
|
正题名:代数多项式
索取号:O174.14/235
 
预约/预借
| 序号 | 登录号 | 条形码 | 馆藏地/架位号 | 状态 | 备注 |
| 1 | 1195211 | 211952118 | 第二样本阅览室/ [索取号:O174.14/235] | 在馆 | |
| 2 | 1195212 | 211952127 | 第三借阅区/ [索取号:O174.14/235] | 在馆 | |
| 3 | 1195213 | 211952136 | 第三借阅区/ [索取号:O174.14/235] | 在馆 | |
| 4 | 1195214 | 211952145 | 第三借阅区/ [索取号:O174.14/235] | 在馆 |